Las Políticas sociales de México en los años noventa /

保存先:
書誌詳細
第一著者: Lerner Sigal, Bertha
共著者: Universidad Nacional Autónoma de México, FLACSO
その他の著者: Cordera Campos, Rolando, Incháustegui, Teresa, Martínez F, Alicia Inés, Guerra Rodríguez, Carlos, Vilas, Carlos M., Millán, René, Váldes Ugalde, Francisco, Martínez Assad, Carlos, Gortari, Hira de, Ziccardi, Alicia, León, Sanuel, Gor
フォーマット: 不明
出版事項: México, D.F: Plaza y Váldes
主題:
タグ: タグ追加
タグなし, このレコードへの初めてのタグを付けませんか!

MARC

LEADER 00000 a2200000 04500
001 26888
003
008 991231s d
040
090 |a 146504  
100 |a Lerner Sigal, Bertha  
110 |a Universidad Nacional Autónoma de México  
245 |a Las Políticas sociales de México en los años noventa /  |c Universidad Nacional Autónoma de México  
260 |a México, D.F:   |b Plaza y Váldes  
300 |a 511 p  
650 |a POLITICA SOCIAL  
650 |a NEOLIBERALISMO  
650 |a ESTADO  
650 |a TEORIA  
650 |a LIBERALIZACION DEL INTERCAMBIO  
650 |a MERCADO  
650 |a CONCENTRACION DEL CAPITAL  
650 |a MANO DE OBRA  
650 |a PRIVATIZACION  
650 |a CRISIS  
650 |a DESCENTRALIZACION  
650 |a POBREZA  
700 |a Cordera Campos, Rolando  
700 |a Incháustegui, Teresa  
700 |a Martínez F, Alicia Inés  
700 |a Guerra Rodríguez, Carlos  
700 |a Vilas, Carlos M.  
700 |a Millán, René  
700 |a Váldes Ugalde, Francisco  
700 |a Martínez Assad, Carlos  
700 |a Gortari, Hira de  
700 |a Ziccardi, Alicia  
700 |a León, Sanuel  
700 |a Gor  
710 |a FLACSO  
999 |c 11214  |d 11214